Представление документа в формате RUSMARC

ПолеНазваниеЗначение
  Тип записи a
  Библиографический уровень m
001 Контрольный номер RU\bookru\bibl\921745
003 Постоянный идентификатор записи http://www.book.ru/book/921745
005 Дата корректировки 20161026112538.7
010 Индекс ISBN __
a ISBN 978-5-406-04951-8
100 Данные общей обработки 0_
a Данные общей обработки 20161005d2017 mk y0rusy50 ca
101 Язык документа 0_
a Язык текста Русский
102 Страна публикации __
a Страна публикации RU
105 Кодированные данные (монография) __
a Кодированные данные (монография) y ||||000yy
200 Заглавие и сведения об ответственности 1_
a Заглавие Теория и практика принятия управленческих решений (для бакалавров и магистров)
210 Выходные данные __
a Место издания Москва
c Издательство КноРус
d Дата издания 2017
215 Физическое описание __
a Объем 340
330 Аннотация __
a Аннотация Раскрыты основные аспекты современной теории и практики принятия управленческих решений: методология, методика логика и технология принятия управленческих решений. Особое внимание уделено эффективности управленческих решений, от которых во многом зависит успех дела, а подчас и само существование предприятия. Поэтому очень важно – принимать грамотные, экономически обоснованные управленческие решения. Соответствует действующему Федеральному государственному образовательному стандарту высшего образования нового поколения. Для слушателей и студентов, обучающихся по направлению «Государственное и муниципальное управление». Может также представлять интерес для руководителей и специалистов, занятых в различных сферах деятельности.
606 Тематические рубрики __
a Основная рубрика Менеджмент
2 Код системы local
608 Указатель предметных рубрик __
a Жанр/форма Учебник
2 Код системы local
675 Индекс УДК __
a Индекс УДК 65.0(075.8)
z Язык издания rus
686 Индексы других классификаций __
a Классификационный индекс 65.291.21я73
2 Код системы rubbk
700 Автор _1
a Фамилия Москвитин Г.И., ред.
801 Источник записи _1
a Страна RU
b Организация book_ru
c Дата составления 20161005
g Правила каталогизации RCR
856 Электронный адрес документа 4_
u Универсальный указатель ресурса (URL) http://www.book.ru/book/921745
951 __
a http://www.book.ru/book/921745